Monster High Characters(Hard) Quiz Stats

 Plays Quiz not verified by Sporcle

Challenge
Share
Tweet
Embed
Score 0/35 Timer 15:00
0 Plays Today
Hint Answer % Correct
Daughter of the mummyCleo De Nile
73.2%
Only 15 days oldFrankie Stein
66.2%
Has a pet named Count FabulousDraculaura
64.9%
Always says 'Fur Real?'Clawdeen Wolf
62.9%
Lagoona Blue's boyfriendGil
62.4%
A very smart, but slow ghoulGhoulia Yelps
59.7%
From the oceanLagoona Blue
59.4%
A werewolf who loves to play casketball Clawd Wolf
57.9%
The only girl triplet in the Wolf familyHowleen Wolf
55.4%
Has green snakes for hairDeuce Gorgon
54.6%
One of two daughters of Ramses De NileNefera De Nile
53.9%
Music-loving and only comes out when it's hotHolt Hyde
50%
A ghost who loves to blogSpectra Vondergeist
49.7%
A fire elemental who has a crush on Ghoulia YelpsHeath Burns
49.2%
An environmentally friendly ghoulVenus McFlytrap
49.1%
Has a gargoyle pet and sinks like the stone in waterRochelle Goyle
49.1%
Loves music and vintage redOperetta
48.1%
Monster High's love advisorC.A. Cupid
47.7%
Hint Answer % Correct
A yeti who can sometimes be coldAbbey Bominable
47.3%
A very mean ghoul who is always seen with two other catsToralei Stripe
46.5%
Only human at Monster HighJackson Jekyll
46.3%
Very old fashioned and the daughter of a mad scientist Robecca Steam
45.7%
A dragon girl from AsiaJinafire Long
44.5%
Headless principal of Monster HighHeadmistress Bloodgood
36.9%
An overprotective father based off of the Egyptian religionRamses De Nile
32.9%
From a mexican heritage; a very new ghoul at schoolSkelita Calaveras
31.6%
Normal human from the booksMelody Carver
23.7%
The invisible boy who has a crush on FrankieBilly
23.7%
Jackson/Holt's mom who is also a science teacherMrs. J
16.5%
The outgoing daughter of the Carver family; from the booksCandace Carver
13%
RAD loving boy who filmed 'The Ghoul Next Door'Brett
12.5%
Lala's uncle who is a vampireUncle Vlad
11%
RAD hating human who is jealous of FrankieBekka
10.6%
Surgeon human who is a fatherBeau Carver
7.1%
The backup crew for Toralei StripePuursephone and Meowlody
6.3%

You're not logged in!

Compare scores with friends on all Sporcle quizzes.
Join for Free
OR
Log In

You Might Also Like...

Show Comments

Extras

Created Dec 30, 2012ReportFavoriteNominate
Tags:character, hard, monster

Top Quizzes Today


Score Distribution

Your Account Isn't Verified!

In order to create a playlist on Sporcle, you need to verify the email address you used during registration. Go to your Sporcle Settings to finish the process.

Report this User

Report this user for behavior that violates our Community Guidelines.

Details: